| 000 | 00945nam a2200253 a 4500 | ||
|---|---|---|---|
| 999 |
_c12333 _d12333 |
||
| 001 | 12333 | ||
| 003 | BD-JhCC | ||
| 005 | 20211101080105.0 | ||
| 008 | 211101b20022017bg |||| ||a| 001 0 Ben d | ||
| 020 | _a9789849005353 | ||
| 035 | _a(BD-JhCC)12333 | ||
| 040 |
_aBD-JhCC _dBD-JhCC |
||
| 041 | _aBengali,Arabic | ||
| 082 |
_a340.59 _bJAH 2017 |
||
| 100 | _aহানীফা,ইমাম আবূ | ||
| 245 |
_aআল-ফিকহুল আকবার / _cইমাম আবূ হানীফা, ড. খোন্দকার আব্দুল্লাহ জাহাঙ্গীর। |
||
| 260 |
_aঢাকা: _bআস-সুন্নাহ পাবলিকেশন্স; _c2017. |
||
| 300 |
_a554 p. : _c22 cm. |
||
| 650 | _aFiqh al -akbar (abu hanitah) | ||
| 650 | _aIslamic Law | ||
| 700 | _aজাহাঙ্গীর,ড. খোন্দকার আব্দুল্লাহ | ||
| 942 |
_2ddc _cBK |
||